| 000 | 00970nam a2200289ua 4500 | ||
|---|---|---|---|
| 003 | CO-ViMGA | ||
| 005 | 20230915233612.0 | ||
| 008 | 120305s2012 sp a gr 00010dspa d | ||
| 020 | _a9789583043208 | ||
| 040 |
_aCO-ViMGA _bspa _cCO-ViMGA |
||
| 043 | _as-ck--- | ||
| 082 | 0 | 4 |
_a387.7 C65 _221 |
| 100 | 1 |
_aBraunburg, Rudolf. _9761 |
|
| 245 | 1 | 0 |
_aAviación y navegación aérea / _cRudolf Braunburg ; traductora Cristina Rodríguez Aguilar. |
| 250 | _aEditor César A. Cardozo Tovar. | ||
| 260 | 3 |
_aBogotá : _bPanamericana Editorial, |
|
| 300 |
_a48 p. ; _c28 cm. |
||
| 490 | 1 | _aCómo y por qué | |
| 500 | _aIncluye índice. | ||
| 534 |
_pTítulo original : _tFliegerei und luftfahrt. |
||
| 650 | 1 | 4 |
_aNavegación aérea _x Historia. _9763 |
| 650 | 1 | 4 |
_aAeronáutica _x Historia. _9764 |
| 650 | 1 | 4 |
_aAviación _x Historia. _9762 |
| 700 | 1 |
_aCardozo Tovar, César A.;, _eed. _9766 |
|
| 700 | 1 |
_aRodríguez Aguilar, Cristina, _etr. _9765 |
|
| 942 |
_2ddc _cBK |
||
| 999 |
_c37303 _d37303 |
||